[Event "Muensterland Verbandsklasse 1516"]
[Site "Germany"]
[Date "2016.01.23"]
[Round "5.7"]
[White "Van de Laar, Han"]
[Black "Brambrink, Ulf"]
[Result "0-1"]
[WhiteElo "1651"]
[BlackElo "1729"]
[PlyCount "50"]
[EventDate "2015.09.19"]
[EventType "team"]
[EventRounds "9"]
[EventCountry "GER"]
[SourceTitle "EXT 2017"]
[Source "ChessBase"]
[SourceDate "2016.10.25"]
[SourceVersion "1"]
[SourceVersionDate "2016.10.25"]
[SourceQuality "1"]
[WhiteTeam "Suedlohn II"]
[BlackTeam "Muenster Indische Dame"]
[WhiteTeamCountry "GER"]
[BlackTeamCountry "GER"]

1. Nf3 c5 2. c4 Nc6 3. e3 e5 4. Nc3 d6 5. d3 Nf6 6. Be2 g6 7. 0-0 Bg7 8. a3 0-0 9. Rb1 Be6 10. b4 b6 11. Bd2 Ng4 12. h3 Nh6 13. e4 f6 14. Nd5 Qd7 15. Kh2 Nf7 16. b5 Ne7 17. Ne3 f5 18. exf5 gxf5 19. Ng1 f4 20. Nc2 Nh6 21. Qe1 Rf6 22. Bf3 Raf8 23. Qe2 Nhf5 24. Bc3 Rh6 25. Be4 Kh8 0-1

[Event "Muensterland Verbandsklasse 1516"]
[Site "Germany"]
[Date "2015.12.19"]
[Round "4.8"]
[White "Van de Laar, Han"]
[Black "Temmen, Norbert"]
[Result "1/2-1/2"]
[WhiteElo "1651"]
[BlackElo "1658"]
[PlyCount "41"]
[EventDate "2015.09.19"]
[EventType "team"]
[EventRounds "9"]
[EventCountry "GER"]
[SourceTitle "EXT 2017"]
[Source "ChessBase"]
[SourceDate "2016.10.25"]
[SourceVersion "1"]
[SourceVersionDate "2016.10.25"]
[SourceQuality "1"]
[WhiteTeam "Suedlohn II"]
[BlackTeam "Nienberge II"]
[WhiteTeamCountry "GER"]
[BlackTeamCountry "GER"]

1. Nf3 Nf6 2. c4 g6 3. Nc3 Bg7 4. d4 d5 5. cxd5 Nxd5 6. e4 Nxc3 7. bxc3 c5 8. Be3 0-0 9. Be2 Nc6 10. 0-0 cxd4 11. cxd4 Bg4 12. e5 e6 13. Qd2 Ne7 14. Rfd1 Nd5 15. h3 Bxf3 16. Bxf3 Qd7 17. Rac1 Rac8 18. g4 Rfd8 19. g5 Bf8 20. Rxc8 Rxc8 21. Bxd5 1/2-1/2

[Event "Muensterland Verbandsklasse 1516"]
[Site "Germany"]
[Date "2015.11.28"]
[Round "3.6"]
[White "Braegelmann, Tobias"]
[Black "Van de Laar, Han"]
[Result "0-1"]
[WhiteElo "1526"]
[BlackElo "1651"]
[PlyCount "60"]
[EventDate "2015.09.19"]
[EventType "team"]
[EventRounds "9"]
[EventCountry "GER"]
[SourceTitle "EXT 2017"]
[Source "ChessBase"]
[SourceDate "2016.10.25"]
[SourceVersion "1"]
[SourceVersionDate "2016.10.25"]
[SourceQuality "1"]
[WhiteTeam "Ochtrup"]
[BlackTeam "Suedlohn II"]
[WhiteTeamCountry "GER"]
[BlackTeamCountry "GER"]

1. d4 Nf6 2. c4 e6 3. Nc3 d5 4. Nf3 h6 5. a3 c5 6. e3 Nc6 7. Bd3 dxc4 8. Bxc4 Be7 9. d5 exd5 10. Nxd5 0-0 11. Nxe7+ Qxe7 12. h3 Bf5 13. 0-0 Rad8 14. Qe2 Na5 15. Ba2 Bd3 16. Qe1 Nc6 17. Bd2 Rd7 18. Qc1 Bxf1 19. Kxf1 Rfd8 20. Qc2 Ne5 21. Bc3 Nxf3 22. gxf3 Nd5 23. Bd2 Qh4 24. Ke2 Qe7 25. Kf1 b6 26. Re1 Qh4 27. Ke2 Qxh3 28. Rf1 Nf4+ 29. exf4 Rxd2+ 30. Qxd2 Rxd2+ 0-1